Officium hebdomadae sanctae iuxtà ritum Ordinis Praedicatorum sub Reverendiss. Patre Fr. Antonino Colche eiusdem Ordinis Generali Magistro

Detalles Bibliográficos
Autor Corporativo: Iglesia Católica
Formato: Libro
Lenguaje:Spanish
Publicado: Romae : per Franciscum Gonzagam in typographia Tinassii, 1710.
Materias:
Colección:Banco de datos
Acervo:Monasterio de Santa Catalina de Siena de la Orden de Santo Domingo de Morelia. Michoacán
Descripción Física:[4] h., 403 p. : il. ; 8°
Tema general:Liturgia
Notas:Colofón: Romae, MDCCX, Per Franciscum Gonzagam in Typographia Tinassij superiorum permissum. Incluye frontispicio en grabado calcográfico. Portada a dos tintas con grabado central xilográfico. Texto a dos tintas. Encuadernación en piel sobre cartón. Ex libris manuscrito en la guarda anterior: "Maria Ana de Jesus Guisasola". Daños en la encuadernación
LEADER 01060nam a22001690004500
035 |a 92 
041 0 |a spa 
110 1 |a Iglesia Católica 
245 1 0 |a Officium hebdomadae sanctae iuxtà ritum Ordinis Praedicatorum sub Reverendiss. Patre Fr. Antonino Colche eiusdem Ordinis Generali Magistro 
260 |a Romae : per Franciscum Gonzagam in typographia Tinassii, 1710. 
300 |a [4] h., 403 p. : il. ; 8° 
500 |a Colofón: Romae, MDCCX, Per Franciscum Gonzagam in Typographia Tinassij superiorum permissum. Incluye frontispicio en grabado calcográfico. Portada a dos tintas con grabado central xilográfico. Texto a dos tintas. Encuadernación en piel sobre cartón. Ex libris manuscrito en la guarda anterior: "Maria Ana de Jesus Guisasola". Daños en la encuadernación 
650 1 0 |a Liturgia 
949 |a Monasterio de Santa Catalina de Siena y Santa Ana del Convento de Dominicas de Morelia, Michoacán: 103 
942 |c DOMMOR 
943 |g Monasterio de Santa Catalina de Siena de la Orden de Santo Domingo de Morelia. Michoacán 
999 |c 1104148  |d 1104148